[Event "2. Bundesliga Mitte 2012/2013"]
[Site "Bad Schallerbach"]
[Date "2012.10.20"]
[Round "2"]
[Board "5"]
[White "Humer, Wolfgang"]
[Black "Jakits, Leopold"]
[Result "1-0"]
[WhiteElo "2268"]
[BlackElo "1979"]
[PlyCount "45"]
[EventDate "2012.10.19"]
[EventType "team"]
[EventRounds "11"]
[EventCountry "AUT"]
[WhiteTeam "Spg. Grieskirchen/B.Schallerbach"]
[BlackTeam "SC Die Klagenfurter"]

1. e4 c5 2. Nf3 Nc6 3. Bb5 g6 4. O-O Bg7 5. Qe2 Nf6 6. e5 Nd5 7. Qc4 Qa5 8.
Qxd5 Qxb5 9. Na3 Nb4 10. Qb3 Qa5 11. Nc4 Qc7 12. d4 O-O 13. dxc5 Na6 14. Bg5
Nxc5 15. Qb4 b5 16. Ne3 a5 17. Nd5 Qa7 18. Nxe7+ Kh8 19. Qh4 Ne6 20. Bf6 Qc5
21. Bxg7+ Nxg7 22. Qh6 Ne6 23. Ng5 1-0

[Event "2. Bundesliga Mitte 2012/2013"]
[Site "Bad Schallerbach"]
[Date "2012.10.20"]
[Round "2"]
[Board "6"]
[White "Hackl, David"]
[Black "Schwabeneder, Alois"]
[Result "1/2-1/2"]
[WhiteElo "1944"]
[BlackElo "2061"]
[PlyCount "116"]
[EventDate "2012.10.19"]
[EventType "team"]
[EventRounds "11"]
[EventCountry "AUT"]
[WhiteTeam "SC Die Klagenfurter"]
[BlackTeam "Spg. Grieskirchen/B.Schallerbach"]

1. d4 Nf6 2. c4 c5 3. e3 g6 4. g3 Bg7 5. Bg2 O-O 6. Ne2 cxd4 7. Nxd4 Nc6 8. O-O
Nxd4 9. exd4 d5 10. c5 a5 11. Nc3 Bd7 12. Re1 e6 13. Bf4 Bc6 14. Be5 Bh6 15. a3
a4 16. Bf1 Ra5 17. Bd3 Ne8 18. g4 Qd7 19. Qe2 f6 20. Bg3 Kf7 21. f4 Bg7 22. f5
e5 23. dxe5 fxe5 24. fxg6+ hxg6 25. Rf1+ Kg8 26. Bxe5 Bxe5 27. Rxf8+ Kxf8 28.
Qxe5 Qxg4+ 29. Qg3 Qxg3+ 30. hxg3 Kg7 31. Re1 Rxc5 32. Re7+ Kf6 33. Re1 Nd6 34.
Kf2 Nf5 35. Bxf5 Kxf5 36. Ke3 Rc4 37. Rd1 Ke5 38. Ne2 d4+ 39. Rxd4 Rc2 40. Rb4
g5 41. Nd4 Rc1 42. Nxc6+ bxc6 43. Rxa4 Kf5 44. g4+ Kf6 45. b4 Rc4 46. Ra6 Rxg4
47. Rxc6+ Ke5 48. Rc5+ Kd6 49. Kf3 Rd4 50. Ra5 Kc6 51. Rxg5 Rd3+ 52. Ke4 Rxa3
53. Kd4 Rh3 54. Kc4 Rh4+ 55. Kb3 Rh3+ 56. Ka4 Kb6 57. Re5 Ka6 58. Rf5 Kb6
1/2-1/2

[Event "2. Bundesliga Mitte 2012/2013"]
[Site "Bad Schallerbach"]
[Date "2012.10.20"]
[Round "2"]
[Board "1"]
[White "Renner, Christoph"]
[Black "Poetz, Florian"]
[Result "1-0"]
[WhiteElo "2458"]
[BlackElo "2411"]
[PlyCount "67"]
[EventDate "2012.10.19"]
[EventType "team"]
[EventRounds "11"]
[EventCountry "AUT"]
[WhiteTeam "Spg. Sauwald"]
[BlackTeam "Schachklub Sparkasse Fuerstenfeld"]

1. d4 Nf6 2. Bf4 c5 3. d5 d6 4. Nc3 g6 5. e4 Bg7 6. Nf3 Bg4 7. Be2 O-O 8. O-O
Bxf3 9. Bxf3 Nfd7 10. Qd2 Na6 11. Bh6 Nc7 12. a4 a6 13. Bxg7 Kxg7 14. Be2 Rb8
15. a5 b5 16. f4 Nf6 17. Bf3 b4 18. Nd1 e6 19. dxe6 Nxe6 20. c3 bxc3 21. bxc3
Rb5 22. f5 Nc7 23. Ne3 Rb8 24. Nc4 Nb5 25. Rad1 Qe7 26. Qf4 Rbd8 27. Rd3 h6 28.
Rfd1 g5 29. Qg3 Nxe4 30. Qe1 Rfe8 31. Re3 d5 32. Rxd5 Nbxc3 33. Bxe4 Nxe4 34.
Re5 1-0

[Event "2. Bundesliga Mitte 2012/2013"]
[Site "Bad Schallerbach"]
[Date "2012.10.20"]
[Round "2"]
[Board "2"]
[White "Kuba, Guenter"]
[Black "Taggatz, Mario"]
[Result "1/2-1/2"]
[WhiteElo "2387"]
[BlackElo "2303"]
[PlyCount "41"]
[EventDate "2012.10.19"]
[EventType "team"]
[EventRounds "11"]
[EventCountry "AUT"]
[WhiteTeam "Schachklub Sparkasse Fuerstenfeld"]
[BlackTeam "Spg. Sauwald"]

1. e4 e6 2. d4 d5 3. Nd2 c5 4. exd5 Qxd5 5. Ngf3 cxd4 6. Bc4 Qd7 7. O-O Nc6 8.
Nb3 Nf6 9. Nbxd4 Nxd4 10. Nxd4 a6 11. a4 Bc5 12. Be3 Qc7 13. b3 e5 14. Nf3 O-O
15. Bxc5 Qxc5 16. Re1 e4 17. Qd4 Qc7 18. Qe5 Qb6 19. Qd4 Qc7 20. Qe5 Qb6 21.
Qd4 1/2-1/2

[Event "2. Bundesliga Mitte 2012/2013"]
[Site "Bad Schallerbach"]
[Date "2012.10.20"]
[Round "2"]
[Board "3"]
[White "Schmidt, Peter"]
[Black "Radnetter, Georg"]
[Result "1/2-1/2"]
[WhiteElo "2386"]
[BlackElo "2278"]
[PlyCount "107"]
[EventDate "2012.10.19"]
[EventType "team"]
[EventRounds "11"]
[EventCountry "AUT"]
[WhiteTeam "Spg. Sauwald"]
[BlackTeam "Schachklub Sparkasse Fuerstenfeld"]

1. Nf3 g6 2. d4 Bg7 3. g3 Nf6 4. Bg2 d6 5. O-O O-O 6. b3 c5 7. Bb2 cxd4 8. Nxd4
Qc7 9. c4 Nc6 10. Nc3 Nxd4 11. Qxd4 Be6 12. Rfd1 Rfc8 13. Rac1 Qd7 14. Nd5 Bxd5
15. Bxd5 Rc7 16. Kg2 Nh5 17. Qd2 Bxb2 18. Qxb2 Rac8 19. Qd4 b6 20. Bf3 Ng7 21.
h4 Nf5 22. Qf4 e5 23. Qg5 Nd4 24. Bg4 Qc6+ 25. Kg1 f5 26. Bf3 Nxf3+ 27. exf3
Qd7 28. Rc2 b5 29. Qf6 Qe7 30. Qxe7 Rxe7 31. Rxd6 bxc4 32. bxc4 Rec7 33. c5
Rxc5 34. Rxc5 Rxc5 35. Rd8+ Kf7 36. Rd7+ Ke6 37. Rxa7 Rc2 38. a4 Rc1+ 39. Kg2
Ra1 40. g4 h6 41. a5 Kf6 42. a6 g5 43. Ra8 f4 44. Kh2 Kg7 45. Kh3 Rh1+ 46. Kg2
Ra1 47. a7 Kh7 48. Re8 Rxa7 49. Rxe5 Kg6 50. Re6+ Kg7 51. Rc6 Rb7 52. Kf1 Rb1+
53. Kg2 Rb7 54. Ra6 1/2-1/2

[Event "2. Bundesliga Mitte 2012/2013"]
[Site "Bad Schallerbach"]
[Date "2012.10.20"]
[Round "2"]
[Board "4"]
[White "Schwarhofer, Christopher"]
[Black "Hiermann, Dietmar"]
[Result "0-1"]
[WhiteElo "2285"]
[BlackElo "2311"]
[PlyCount "56"]
[EventDate "2012.10.19"]
[EventType "team"]
[EventRounds "11"]
[EventCountry "AUT"]
[WhiteTeam "Schachklub Sparkasse Fuerstenfeld"]
[BlackTeam "Spg. Sauwald"]

1. e4 e5 2. f4 exf4 3. Nf3 d6 4. Bc4 h6 5. h4 Nf6 6. Nc3 Bg4 7. d4 Be7 8. Bxf4
c6 9. Qd2 b5 10. Bd3 Nbd7 11. O-O-O b4 12. Ne2 d5 13. e5 Ne4 14. Bxe4 dxe4 15.
Nh2 Be6 16. Ng3 Qa5 17. Qe3 Nb6 18. b3 g5 19. hxg5 hxg5 20. Qxe4 gxf4 21. Ng4
Rxh1 22. Rxh1 Kd7 23. Nf5 Nd5 24. Nxe7 Kxe7 25. Nf6 Qxa2 26. Kd2 Qb2 27. Nxd5+
cxd5 28. Qd3 Rg8 0-1

[Event "2. Bundesliga Mitte 2012/2013"]
[Site "Bad Schallerbach"]
[Date "2012.10.20"]
[Round "2"]
[Board "5"]
[White "Testor, Sebastian"]
[Black "Takacs, Balazs"]
[Result "1/2-1/2"]
[WhiteElo "2308"]
[BlackElo "2348"]
[PlyCount "117"]
[EventDate "2012.10.19"]
[EventType "team"]
[EventRounds "11"]
[EventCountry "AUT"]
[WhiteTeam "Spg. Sauwald"]
[BlackTeam "Schachklub Sparkasse Fuerstenfeld"]

1. d4 Nf6 2. c4 g6 3. Nc3 Bg7 4. e4 d6 5. Bd3 O-O 6. Nge2 Nc6 7. O-O Nh5 8. Be3
e5 9. d5 Ne7 10. Qd2 f5 11. exf5 gxf5 12. f4 Ng6 13. g3 Bd7 14. Rae1 e4 15. Bc2
Nf6 16. Bd4 Qe7 17. Nd1 h5 18. Ne3 Ng4 19. Kh1 Rf7 20. Ng1 Bh6 21. Re2 Rh7 22.
Qe1 b6 23. h4 Bg7 24. Bxg7 Qxg7 25. b3 Nh8 26. Nh3 Nf7 27. Qa1 Qxa1 28. Rxa1
Nfh6 29. Bd1 Kg7 30. Rc1 a5 31. Rc3 Kf6 32. Rd2 Re7 33. Kg1 Kg6 34. a3 Ree8 35.
Nf2 Ng8 36. Be2 N8f6 37. Nfd1 Nh6 38. Nc2 Nhg4 39. Nde3 Kf7 40. Bxg4 Nxg4 41.
Nxg4 hxg4 42. Ne3 Kf6 43. Kf2 Reb8 44. Rc1 Be8 45. Rcc2 Bf7 46. Ke1 Ra6 47. Kd1
Ra7 48. Kc1 Rc8 49. Kb2 Rb7 50. Rc1 Ra7 51. Kb1 Rd8 52. Ra2 Rda8 53. Kb2 Rd8
54. Kc3 Rb8 55. Kd4 Rf8 56. Rca1 Rd8 57. b4 Rda8 58. b5 Rd8 59. Rb2 1/2-1/2

[Event "2. Bundesliga Mitte 2012/2013"]
[Site "Bad Schallerbach"]
[Date "2012.10.20"]
[Round "2"]
[Board "6"]
[White "Hatzl, Stefan"]
[Black "Niederwieser, Peter"]
[Result "1-0"]
[WhiteElo "2183"]
[BlackElo "2192"]
[PlyCount "47"]
[EventDate "2012.10.19"]
[EventType "team"]
[EventRounds "11"]
[EventCountry "AUT"]
[WhiteTeam "Schachklub Sparkasse Fuerstenfeld"]
[BlackTeam "Spg. Sauwald"]

1. e4 e6 2. d4 d5 3. Nc3 Bb4 4. exd5 exd5 5. Bd3 c6 6. Nge2 Ne7 7. Ng3 Nd7 8.
O-O Nf6 9. Bg5 Qd6 10. Nce2 O-O 11. c3 Ba5 12. f4 h6 13. Bxf6 Qxf6 14. f5 Bc7
15. Nf4 Qg5 16. Nh3 Qh4 17. Qf3 Bd7 18. Nh5 g6 19. g3 Qxh5 20. g4 Qh4 21. f6
Nc8 22. Bf5 gxf5 23. gxf5 Nd6 24. Qg2+ 1-0

[Event "2. Bundesliga Mitte 2012/2013"]
[Site "Bad Schallerbach"]
[Date "2012.10.20"]
[Round "2"]
[Board "1"]
[White "Horvath, Adam"]
[Black "Flumbort, Andras"]
[Result "1-0"]
[WhiteElo "2485"]
[BlackElo "2492"]
[PlyCount "75"]
[EventDate "2012.10.19"]
[EventType "team"]
[EventRounds "11"]
[EventCountry "AUT"]
[WhiteTeam "RbEJ Gleisdorf"]
[BlackTeam "ASK St. Valentin"]

1. e4 c5 2. Nf3 d6 3. d4 cxd4 4. Nxd4 Nf6 5. Nc3 e6 6. Be2 Nc6 7. O-O Be7 8.
Be3 O-O 9. f4 a6 10. Qe1 Nxd4 11. Bxd4 b5 12. a3 Bb7 13. Qg3 Qc7 14. Rae1 d5
15. e5 Ne4 16. Nxe4 dxe4 17. Qe3 f5 18. exf6 Bxf6 19. Bxf6 Rxf6 20. c4 bxc4 21.
Rc1 Bd5 22. Bxc4 Qb7 23. Rfd1 Raf8 24. g3 Qxb2 25. Bxd5 exd5 26. Rxd5 Rh6 27.
h4 Rb6 28. Qc3 e3 29. Qxb2 Rxb2 30. Rd7 Re8 31. Rcc7 e2 32. Rxg7+ Kh8 33. Rxh7+
Kg8 34. Rcg7+ Kf8 35. Rf7+ Kg8 36. Rfg7+ Kf8 37. Rh8+ Kxg7 38. Rxe8 1-0

[Event "2. Bundesliga Mitte 2012/2013"]
[Site "Bad Schallerbach"]
[Date "2012.10.20"]
[Round "2"]
[Board "2"]
[White "Sandhoefner, Florian"]
[Black "Horvath, Tamas"]
[Result "0-1"]
[WhiteElo "2221"]
[BlackElo "2390"]
[PlyCount "120"]
[EventDate "2012.10.19"]
[EventType "team"]
[EventRounds "11"]
[EventCountry "AUT"]
[WhiteTeam "ASK St. Valentin"]
[BlackTeam "RbEJ Gleisdorf"]

1. d4 Nf6 2. c4 e6 3. Nc3 Bb4 4. f3 d5 5. a3 Bxc3+ 6. bxc3 c5 7. cxd5 Nxd5 8.
dxc5 Qa5 9. e4 Nc7 10. Be3 O-O 11. Qb3 Nca6 12. a4 Qc7 13. Qa3 Bd7 14. Bb5 Rc8
15. Rd1 Nc6 16. f4 Be8 17. Nf3 Na5 18. Nd2 Bxb5 19. axb5 Nxc5 20. c4 b6 21. O-O
Qb7 22. e5 Ne4 23. c5 Nxc5 24. Rc1 Ne4 25. Qd3 Nxd2 26. Bxd2 Rd8 27. Qe3 Rxd2
28. Qxd2 Nb3 29. Qd6 Nxc1 30. Rxc1 Qe4 31. Qc6 Qd4+ 32. Kh1 Rd8 33. g3 h6 34.
Kg2 Qd2+ 35. Kh3 Qe2 36. Rc2 Qf1+ 37. Kg4 Qd3 38. Kh3 Kh7 39. Ra2 Qf5+ 40. Kg2
Rd5 41. Qb7 Rxb5 42. Qxa7 Rb1 43. Qb7 b5 44. Qf3 Rc1 45. g4 Qb1 46. Rf2 Rg1+
47. Kh3 h5 48. gxh5 Qf5+ 49. Kh4 b4 50. Rb2 g5+ 51. hxg6+ Rxg6 52. Rxb4 Rh6+
53. Kg3 Rh3+ 54. Kg2 Rxf3 55. Kxf3 Qd3+ 56. Kg4 Kg6 57. Rb7 Qe2+ 58. Kg3 Qe3+
59. Kg4 Qg1+ 60. Kh3 Kh5 0-1

[Event "2. Bundesliga Mitte 2012/2013"]
[Site "Bad Schallerbach"]
[Date "2012.10.20"]
[Round "2"]
[Board "3"]
[White "Degtiarev, Evgeny"]
[Black "Kranzl, Peter"]
[Result "1-0"]
[WhiteElo "2378"]
[BlackElo "2239"]
[PlyCount "83"]
[EventDate "2012.10.19"]
[EventType "team"]
[EventRounds "11"]
[EventCountry "AUT"]
[WhiteTeam "RbEJ Gleisdorf"]
[BlackTeam "ASK St. Valentin"]

1. d4 Nf6 2. c4 g6 3. Nc3 Bg7 4. e4 d6 5. h3 O-O 6. Be3 a6 7. Nf3 c6 8. Bd3 b5
9. cxb5 axb5 10. a3 Nbd7 11. O-O Nb6 12. b3 Ba6 13. Qe2 Bc8 14. a4 bxa4 15.
bxa4 Nbd7 16. Ra3 Qa5 17. Bd2 Qa7 18. e5 Ne8 19. e6 Ndf6 20. Ng5 Qxd4 21. exf7+
Rxf7 22. Nxf7 Kxf7 23. a5 e5 24. Ra4 Qa7 25. Be3 Qe7 26. f4 Kg8 27. Qd2 d5 28.
fxe5 Qxe5 29. a6 Nc7 30. Bd4 Qe7 31. Qf2 Nd7 32. a7 c5 33. Bxg7 Kxg7 34. Nb5
Ne6 35. Be2 Nb6 36. Ra5 Bb7 37. Bg4 Ng5 38. Qf4 h5 39. Bf3 Nc4 40. Raa1 Nxf3+
41. Rxf3 d4 42. Qc7 1-0

[Event "2. Bundesliga Mitte 2012/2013"]
[Site "Bad Schallerbach"]
[Date "2012.10.20"]
[Round "2"]
[Board "4"]
[White "Tober, Gerhard"]
[Black "Wegerer, Fred"]
[Result "1/2-1/2"]
[WhiteElo "2272"]
[BlackElo "2194"]
[PlyCount "136"]
[EventDate "2012.10.19"]
[EventType "team"]
[EventRounds "11"]
[EventCountry "AUT"]
[WhiteTeam "ASK St. Valentin"]
[BlackTeam "RbEJ Gleisdorf"]

1. e4 c6 2. c4 e5 3. Nf3 Nf6 4. Nc3 Bb4 5. d3 O-O 6. Bg5 h6 7. Bh4 Re8 8. Be2
d6 9. O-O Nbd7 10. Qc2 Nf8 11. Rad1 Ng6 12. Bg3 Nh5 13. Rfe1 Ngf4 14. a3 Bxc3
15. Qxc3 c5 16. Nd2 Nxe2+ 17. Rxe2 Bg4 18. f3 Nxg3 19. hxg3 Be6 20. Nf1 Qg5 21.
Qd2 Qxd2 22. Rexd2 Rab8 23. a4 Kf8 24. Ne3 a6 25. Ra1 b6 26. b3 g6 27. Kf2 Re7
28. g4 Reb7 29. Rh1 Kg7 30. Ra1 Rh8 31. Rb2 a5 32. Rh1 f6 33. Rbb1 Rf7 34. Rh4
Rh7 35. Rbh1 Rf8 36. R1h3 Rfh8 37. Rh1 Kg8 38. g3 Kg7 39. R4h2 Rf8 40. Ke2 Rfh8
41. f4 g5 42. Kf3 Rd8 43. Rf2 Rd7 44. Ke2 Rd8 45. fxg5 fxg5 46. Rhf1 Rhh8 47.
Rf6 Rhe8 48. Kd2 Rd7 49. R6f2 Rdd8 50. Nd5 Bxd5 51. cxd5 Re7 52. Rf6 Rb7 53.
Re6 b5 54. axb5 Rxb5 55. Re7+ Kg8 56. Rff7 Rxb3 57. Rg7+ Kh8 58. Rh7+ Kg8 59.
Reg7+ Kf8 60. Ra7 Kg8 61. Rxh6 Rb2+ 62. Ke3 Rf8 63. Rg6+ Kh8 64. Rxg5 Rff2 65.
Rh5+ Kg8 66. Rg5+ Kh8 67. Rh5+ Kg8 68. Rg5+ Kh8 1/2-1/2

[Event "2. Bundesliga Mitte 2012/2013"]
[Site "Bad Schallerbach"]
[Date "2012.10.20"]
[Round "2"]
[Board "5"]
[White "Watzka, Horst"]
[Black "Theuretzbacher, Klaus"]
[Result "1/2-1/2"]
[WhiteElo "2259"]
[BlackElo "2234"]
[PlyCount "106"]
[EventDate "2012.10.19"]
[EventType "team"]
[EventRounds "11"]
[EventCountry "AUT"]
[WhiteTeam "RbEJ Gleisdorf"]
[BlackTeam "ASK St. Valentin"]

1. e4 c5 2. Nf3 Nc6 3. Bb5 Qb6 4. Nc3 e6 5. a4 Nf6 6. O-O Be7 7. Re1 O-O 8. d3
d6 9. Bg5 Ne5 10. a5 Qc7 11. a6 b6 12. Nxe5 dxe5 13. Ne2 h6 14. Bd2 Rd8 15. Ng3
Bd7 16. Bxd7 Rxd7 17. Qe2 Kh7 18. Rf1 g5 19. b3 Rg8 20. Nh5 Rg6 21. Kh1 Nxh5
22. Qxh5 f5 23. Rfe1 Bf6 24. Bc3 f4 25. Qg4 Qc6 26. Kg1 Kg7 27. Red1 Rd8 28.
Qh5 Kh7 29. h3 Rdg8 30. Qg4 Qe8 31. Qh5 Qe7 32. Qg4 R6g7 33. Qh5 g4 34. h4 Bxh4
35. Qxe5 Rg5 36. Qf6 Qd7 37. Qxf4 Rh5 38. g3 Bd8 39. Kg2 Qe7 40. Rh1 Rhg5 41.
Rh2 Bc7 42. Qf6 Qxf6 43. Bxf6 R5g6 44. Bc3 Bd8 45. Rf1 Bf6 46. Bxf6 Rxf6 47. f4
gxf3+ 48. Rxf3 Rgf8 49. Rxf6 Rxf6 50. Rh5 Kg7 51. c3 Rf7 52. Rh1 Rd7 53. Rd1
Rd6 1/2-1/2

[Event "2. Bundesliga Mitte 2012/2013"]
[Site "Bad Schallerbach"]
[Date "2012.10.20"]
[Round "2"]
[Board "6"]
[White "Heimberger, Reinhard"]
[Black "Sandner, Wolfgang"]
[Result "1/2-1/2"]
[WhiteElo "2300"]
[BlackElo "2209"]
[PlyCount "98"]
[EventDate "2012.10.19"]
[EventType "team"]
[EventRounds "11"]
[EventCountry "AUT"]
[WhiteTeam "ASK St. Valentin"]
[BlackTeam "RbEJ Gleisdorf"]

1. g3 Nf6 2. Bg2 g6 3. e4 d6 4. Ne2 Bg7 5. O-O O-O 6. d4 e5 7. h3 exd4 8. Nxd4
Nc6 9. Be3 Re8 10. Nc3 a6 11. Kh2 Qd7 12. Qd2 Ne5 13. b3 c5 14. Nde2 d5 15.
exd5 Qf5 16. Bf4 Qh5 17. Bxe5 Ng4+ 18. Kg1 Nxe5 19. f4 Nd7 20. g4 Qh4 21. Rae1
Nf6 22. Qd3 Bd7 23. Qg3 Qxg3 24. Nxg3 Nxg4 25. Nce4 f5 26. hxg4 fxe4 27. Nxe4
Bxg4 28. Kh2 b6 29. Ng5 Bc3 30. Rxe8+ Rxe8 31. Ne6 Kh8 32. Bh3 Bxh3 33. Kxh3
Kg8 34. Rf3 Bf6 35. Nc7 Re7 36. Nxa6 Ra7 37. Nb8 Rxa2 38. Nd7 Bd8 39. c4 Re2
40. Ne5 Bc7 41. Nc6 h5 42. Ne5 g5 43. Rg3 Bxe5 44. fxe5 Rxe5 45. Rd3 Kf8 46. d6
Ke8 47. d7+ Kd8 48. Kg2 g4 49. Rd6 h4 1/2-1/2

[Event "2. Bundesliga Mitte 2012/2013"]
[Site "Bad Schallerbach"]
[Date "2012.10.20"]
[Round "2"]
[Board "1"]
[White "Freitag, Manfred"]
[Black "Gergacz, Attila"]
[Result "1-0"]
[WhiteElo "2385"]
[BlackElo "2393"]
[PlyCount "78"]
[EventDate "2012.10.19"]
[EventType "team"]
[EventRounds "11"]
[EventCountry "AUT"]
[WhiteTeam "ESV Austria Graz"]
[BlackTeam "SV Steyregg"]

1. d4 Nf6 2. c4 g6 3. Nc3 Bg7 4. e4 d6 5. Be2 e5 6. dxe5 dxe5 7. Qxd8+ Kxd8 8.
Bg5 c6 9. f4 h6 10. Bh4 Kc7 11. fxe5 Ng4 12. Nf3 Be6 13. Bg3 Nd7 14. Nd5+ Kc8
15. Nf4 Nc5 16. Nxe6 fxe6 17. Nh4 Nxe5 18. O-O-O Rg8 19. Nf3 Ned7 20. Nd2 a5
21. Rhf1 Bf6 22. Kc2 a4 23. Bd6 b6 24. Bg4 Re8 25. Bh3 Be5 26. Nf3 Bxd6 27.
Rxd6 Kc7 28. Rfd1 Re7 29. e5 Rf8 30. b4 Ne4 31. Nd4 Ndc5 32. Kc1 Rf2 33. Rd2
Nc3 34. Kc2 Rf1 35. Nxe6+ Kb7 36. Nd8+ Ka8 37. Nxc6 N5e4 38. b5 Rc7 39. Bd7 Kb7
1-0

[Event "2. Bundesliga Mitte 2012/2013"]
[Site "Bad Schallerbach"]
[Date "2012.10.20"]
[Round "2"]
[Board "2"]
[White "Nemeth, Miklos"]
[Black "Karner, Christoph"]
[Result "0-1"]
[WhiteElo "2446"]
[BlackElo "2304"]
[PlyCount "70"]
[EventDate "2012.10.19"]
[EventType "team"]
[EventRounds "11"]
[EventCountry "AUT"]
[WhiteTeam "SV Steyregg"]
[BlackTeam "ESV Austria Graz"]

1. e4 c6 2. d4 d5 3. e5 c5 4. Nf3 Bg4 5. c4 Nc6 6. cxd5 Qxd5 7. Nc3 Bxf3 8.
Nxd5 Bxd1 9. Nc7+ Kd8 10. Nxa8 Bg4 11. d5 Nb4 12. Be3 Nc2+ 13. Kd2 Nxe3 14.
Kxe3 g5 15. b4 Bg7 16. f4 gxf4+ 17. Kxf4 h5 18. bxc5 f6 19. e6 f5 20. Bc4 Bh6+
21. Kg3 Be3 22. h3 f4+ 23. Kh2 Bxc5 24. Rhf1 Nf6 25. Rab1 b6 26. Rxf4 Bd6 27.
g3 Bxf4 28. gxf4 Bf3 29. Ba6 Rg8 30. Rb2 Ne4 31. a4 Nc5 32. Bb5 Kc8 33. Bc6 Nd3
34. Rd2 Ne1 35. Rf2 Be4 0-1

[Event "2. Bundesliga Mitte 2012/2013"]
[Site "Bad Schallerbach"]
[Date "2012.10.20"]
[Round "2"]
[Board "3"]
[White "Aschenbrenner, Robert"]
[Black "Enoeckl, Philipp"]
[Result "1/2-1/2"]
[WhiteElo "2264"]
[BlackElo "2316"]
[PlyCount "98"]
[EventDate "2012.10.19"]
[EventType "team"]
[EventRounds "11"]
[EventCountry "AUT"]
[WhiteTeam "ESV Austria Graz"]
[BlackTeam "SV Steyregg"]

1. d4 Nf6 2. c4 g6 3. Nc3 Bg7 4. e4 d6 5. h3 O-O 6. Bg5 c5 7. d5 e6 8. Bd3 exd5
9. exd5 Nbd7 10. Nf3 Re8+ 11. Be3 Bh6 12. O-O Bxe3 13. fxe3 a6 14. a4 Qe7 15.
e4 Kg7 16. Rf2 b6 17. Qd2 Ng8 18. Raf1 f6 19. Ne2 Ne5 20. Nxe5 Qxe5 21. b4 Bd7
22. a5 b5 23. cxb5 axb5 24. Kh1 Ra7 25. Bb1 cxb4 26. Qxb4 Rea8 27. Nd4 Rxa5 28.
Nf3 Qe7 29. Qb2 Re8 30. g4 Kh8 31. g5 Bxh3 32. gxf6 Qxf6 33. e5 dxe5 34. Ng1
Bxf1 35. Rxf6 Nxf6 36. Nf3 b4 37. Nxe5 Kg7 38. Nd7 Ra6 39. Nc5 Rd6 40. Ne6+
Rdxe6 41. dxe6 Bc4 42. Qxb4 Bd5+ 43. Kg1 Rxe6 44. Bd3 h5 45. Qf4 Re1+ 46. Kf2
Re7 47. Qd4 g5 48. Qc5 Kf7 49. Bg6+ Ke6 1/2-1/2

[Event "2. Bundesliga Mitte 2012/2013"]
[Site "Bad Schallerbach"]
[Date "2012.10.20"]
[Round "2"]
[Board "4"]
[White "Wiesinger, Robert"]
[Black "Fahrner, Kurt"]
[Result "0-1"]
[WhiteElo "2244"]
[BlackElo "2378"]
[PlyCount "80"]
[EventDate "2012.10.19"]
[EventType "team"]
[EventRounds "11"]
[EventCountry "AUT"]
[WhiteTeam "SV Steyregg"]
[BlackTeam "ESV Austria Graz"]

1. e4 e5 2. Nf3 Nc6 3. Bc4 Bc5 4. d3 Nf6 5. c3 O-O 6. Bb3 d6 7. Bg5 h6 8. Bh4
Be6 9. Nbd2 Qe7 10. Bc2 Rad8 11. Qe2 a6 12. O-O-O Bxa2 13. h3 d5 14. exd5 Bxd5
15. g4 Rfe8 16. Rhe1 Bd6 17. g5 hxg5 18. Nxg5 Nb8 19. Nde4 Nbd7 20. Rg1 Bxe4
21. Nxe4 Qe6 22. Qf3 Nxe4 23. dxe4 Be7 24. Bxe7 Qxe7 25. Qh5 Qf6 26. Rd3 Qf4+
27. Kb1 Nf6 28. Qe2 Rxd3 29. Bxd3 Rd8 30. f3 g6 31. Rg2 Kg7 32. Bc4 b5 33. Bb3
c5 34. c4 Rd4 35. Rf2 Qg3 36. Rg2 Qf4 37. Rf2 Qg3 38. Rg2 Qxh3 39. Rg5 Nxe4 40.
Rxe5 Nd2+ 0-1

[Event "2. Bundesliga Mitte 2012/2013"]
[Site "Bad Schallerbach"]
[Date "2012.10.20"]
[Round "2"]
[Board "5"]
[White "Ebner, Hubert"]
[Black "Kubinger, Thomas"]
[Result "1-0"]
[WhiteElo "2222"]
[BlackElo "2175"]
[PlyCount "55"]
[EventDate "2012.10.19"]
[EventType "team"]
[EventRounds "11"]
[EventCountry "AUT"]
[WhiteTeam "ESV Austria Graz"]
[BlackTeam "SV Steyregg"]

1. d4 d5 2. c4 c6 3. Nf3 Nf6 4. Nc3 a6 5. a4 a5 6. cxd5 Nxd5 7. e4 Nb4 8. Bc4
e6 9. O-O Be7 10. Bf4 O-O 11. Re1 Nd7 12. Qb3 b6 13. Rad1 Bf6 14. Bd6 Re8 15.
Bxb4 axb4 16. Qxb4 Bb7 17. h3 Qb8 18. Qb3 Qf4 19. e5 Be7 20. Re4 Qh6 21. Re3
Red8 22. Ne4 Ra5 23. Nd6 Bxd6 24. exd6 Qf4 25. Ne5 c5 26. Nxd7 Rxd7 27. Qxb6
Rxa4 28. Qb5 1-0

[Event "2. Bundesliga Mitte 2012/2013"]
[Site "Bad Schallerbach"]
[Date "2012.10.20"]
[Round "2"]
[Board "6"]
[White "Raber, Florian"]
[Black "Spindelboeck, Gernot"]
[Result "0-1"]
[WhiteElo "2167"]
[BlackElo "2233"]
[PlyCount "109"]
[EventDate "2012.10.19"]
[EventType "team"]
[EventRounds "11"]
[EventCountry "AUT"]
[WhiteTeam "SV Steyregg"]
[BlackTeam "ESV Austria Graz"]

1. d4 Nf6 2. Nf3 e6 3. e3 b6 4. Bd3 Bb7 5. Nbd2 c5 6. O-O Be7 7. c3 O-O 8. e4
d6 9. Qe2 cxd4 10. cxd4 Nc6 11. a3 e5 12. d5 Nb8 13. b4 Nbd7 14. Ne1 g6 15. g4
Ne8 16. Nc4 Bg5 17. Bb2 Qe7 18. Ng2 Ng7 19. h4 Bf4 20. Qf3 Ba6 21. Nxf4 exf4
22. Qxf4 Bxc4 23. Bxc4 Qxh4 24. Kg2 Nh5 25. Qf3 Nhf6 26. Be2 Rfe8 27. Rh1 Qg5
28. Bc1 Qe5 29. Bf4 Qxe4 30. Qxe4 Rxe4 31. Kf3 Rae8 32. Bd3 Rd4 33. Bb5 Rxd5
34. a4 Ne5+ 35. Kg3 Rc8 36. Rac1 Rxc1 37. Rxc1 Nd3 38. Rc8+ Kg7 39. Be3 Nxb4
40. Bc4 Re5 41. g5 Ne4+ 42. Kh4 Nxg5 43. Bxg5 Re4+ 44. Kg3 d5 45. Bb3 h5 46.
Bd2 a5 47. Bc3+ d4 48. f3 h4+ 49. Kf2 Nd3+ 50. Kg1 Rf4 51. Rd8 Ne5 52. Bb2
Nxf3+ 53. Kh1 Rg4 54. Bxd4+ Nxd4 55. Bd1 0-1

[Event "2. Bundesliga Mitte 2012/2013"]
[Site "Bad Schallerbach"]
[Date "2012.10.21"]
[Round "3"]
[Board "2"]
[White "Nemeth, Miklos"]
[Black "Stevic, Hrvoje"]
[Result "0-1"]
[WhiteElo "2446"]
[BlackElo "2616"]
[PlyCount "112"]
[EventDate "2012.10.19"]
[EventType "team"]
[EventRounds "11"]
[EventCountry "AUT"]
[WhiteTeam "SV Steyregg"]
[BlackTeam "Schachverein Wolfsberg"]

1. e4 e5 2. Nf3 Nc6 3. Bc4 Nf6 4. d3 Be7 5. c3 O-O 6. Bb3 d5 7. Qe2 Be6 8. O-O
Re8 9. Rd1 h6 10. h3 Bd6 11. Nbd2 a6 12. Nf1 Na5 13. Bc2 c5 14. Ng3 d4 15. Nh4
Nc6 16. Rf1 Bf8 17. Bb3 Bxb3 18. axb3 g6 19. Nf3 Qd7 20. Ne1 Bg7 21. Qc2 Nh7
22. c4 Nf8 23. f4 exf4 24. Bxf4 Ne6 25. Ne2 Rf8 26. Bh2 Ne7 27. Ng3 h5 28. Nf3
f6 29. Rae1 Bh6 30. Qd1 a5 31. Kh1 a4 32. Qc2 a3 33. bxa3 Rxa3 34. Ra1 Rfa8 35.
Rxa3 Rxa3 36. Qb2 Ra6 37. Ra1 Nc6 38. Nf1 Nb4 39. Rxa6 bxa6 40. Ne1 Kf7 41. Qf2
Kg7 42. Qf3 Qb7 43. Bg3 Ng5 44. Qe2 Nc6 45. Qa2 Ne6 46. Qa4 Bf4 47. Bf2 Bb8 48.
Qa2 Nb4 49. Qd2 Qb6 50. Bg3 Nc6 51. Bxb8 Qxb8 52. Qa2 Qb4 53. Nf3 a5 54. g3 Qc3
55. Qa4 Qxd3 56. N1d2 Ne5 0-1